| 000 | 00642nam a2200229 a 4500 | ||
|---|---|---|---|
| 001 | BRL_1528 | ||
| 005 | 20190320211240.0 | ||
| 008 | 170214s1968----mx-aob####---#000-0#spa-# | ||
| 041 | _aspa | ||
| 044 | _amx | ||
| 050 | 4 |
_aF1219.8.O56 _b.B47 1968 |
|
| 100 | 1 |
_aBernal, Ignacio _9778 |
|
| 245 | 1 | 0 |
_aEl Mundo Olmeca _cIgnacio Bernal. |
| 260 |
_aMéxico _bPorrúa _c1968 |
||
| 300 |
_axxxii, 272 p. _bil., 142 láminas, mapas plegables _c19 cm. |
||
| 500 | _aAu1682 | ||
| 500 | _aEstado físico: camisa desgarrada | ||
| 504 | _aBibliografía: p. xiii-xxxii | ||
| 650 | 1 | 4 |
_aOlmecas _xAntigüedades _927181 |
| 902 | _aGRL | ||
| 942 |
_2lcc _cB |
||
| 999 |
_c10337 _d10337 |
||